000 00457nam a2200193Ia 4500
008 101110s9999 xx 000 0 und d
041 _aENGLISH
082 _bSR15749
100 _aGulshan and Kapoor
245 _aBanking Law and Practice
365 _b22.5
520 _aCommerce
546 _aENGLISH
630 _aBanking Law and Practice
650 _aCommerce
655 _aCommerce
730 _aBanking Law and Practice
942 _cBOOK
999 _c809634
_d809631